1070 1384 1998 1845 1698 1658 1051 1253 1385 1966 1408 1151 1714 1828 1760 1183 1648 1425 1301 1808 1254 1140 1310 1002 1013 1412 1623 1053 1509 1360 1950 1100 1110 1243 1797 1412 1516 1356 1945 1521 1326 1380 1497 1285 1315 1276 1188 1863 1903 1712 1157 1749 1676 1499 1463 1579 1954 1737 1393 1456 1667 1974 1108 1155 1943 1710 1991 1774 1564 1287 1294 1816 1826 1698 1575 1927 1886 1097 1737 1005 1119 1780 1174 1777 1828 1765 1931 1369 1133 1975 1220 1950 1802 1100 1299 1217 1821 1530 1552 BCNSPRNW ULIB Ver.6.0+V

เปลี่ยนเป็นภาษาไทย

Change to English
 แสดงรายละเอียดบรรณานุกรม
  กลับหน้าหลัก

Brief Record : Get Marc (ISO 2709) : E-mail record : QR code < ปิดหน้าต่าง
LEADER : 00000nam 2200000uu 4500
001    13399113688
003     ULIB
008    111215s||||||||th 000 0 tha d
020    ^a9786167243016
090    ^aนว.^bอ565ส 2553
100 0  อัมราน
245 00 สุดผืนทรายปรายแสงดาว/^cอัมราน
250    ^aพิมพ์ครั้งที่ 1
260    ^aกรุงเทพฯ :^bอักษรศาสตร์,^c2553
300    478 หน้า
710 1  อักษรศาสตร์
945    ^p289^l0^i028022
995    ทศพร
999 ^a ทศพร
รายการนี้ยังไม่มีแท็ก
คุณยังไม่ได้ล็อกอิน คุณสามารถมีกิจกรรมร่วมกับเว็บไซต์ได้ แต่ต้องล็อกอินก่อน ::
  ล็อกอิน

รายการสื่อสารสนเทศ

ลำดับที่ ประเภท เลขเรียก/บาร์โค้ด สถานที่ สถานะ
1. นวนิยาย
นวนิยาย
นว. อ565ส 2553 ฉ.1 
  Barcode: 028022
ห้องสมุดวิทยาเขตสวรรค์ประชารักษ์
►นวนิยาย
บนชั้น
  ขอยืม

BibComment


ยังไม่เคยถูกคอมเมนท์

คอมเมนท์ทรัพยากรรายการนี้
  คอมเมนท์: สุดผืนทรายปรายแสง..


 Copyright 2026. Bcnsprnw @Library